Komunikačná politika ako súčasť marketingového mixu
Saved in:
| Main Author: | |
|---|---|
| Other Authors: | |
| Format: | Manuscript Book |
| Language: | Slovak |
| Published: |
2018
|
| Subjects: | |
| Online Access: | http://is.stuba.sk/zp/portal_zp.pl?podrobnosti=139453 |
| Tags: |
No Tags, Be the first to tag this record!
|
MARC
| LEADER | 00000ntm a22000003a 4500 | ||
|---|---|---|---|
| 001 | stuzp70057 | ||
| 003 | SK-STU | ||
| 005 | 20180623211350.2 | ||
| 007 | ta | ||
| 008 | 150427s2015----xo-----f-mn---000-0-slo-d | ||
| 040 | |a STU |b slo | ||
| 041 | 0 | |a slo | |
| 100 | 1 | |a Huňačková, Martina |u 902024 |4 aut |U Ústav manažmentu STU |T ÚM - Oddelenie manažmentu chemických a potravinárskych technológií |X 63705 |U R2024 |Y 408 |7 63705 | |
| 242 | 0 | 1 | |a Communication Policy as a Part of the Marketing Mix |y eng |
| 245 | 1 | 0 | |a Komunikačná politika ako súčasť marketingového mixu |
| 260 | |c 2018 | ||
| 650 | 4 | |a komunikačná politika |2 slo | |
| 650 | 4 | |a marketingový mix |2 slo | |
| 650 | 4 | |a IKEA |2 slo | |
| 650 | 4 | |a reklamná kampaň |2 slo | |
| 650 | 4 | |a online obchod |2 slo | |
| 650 | 4 | |a marketing mix |2 eng | |
| 650 | 4 | |a advertising campaign |2 eng | |
| 650 | 4 | |a online shop |2 eng | |
| 650 | 4 | |a communication policy |2 eng | |
| 650 | 4 | |a IKEA |2 eng | |
| 700 | 1 | |a Plchová, Jana |u 902024 |k Z1 |4 ths |U Ústav manažmentu STU |T ÚM - Oddelenie manažmentu chemických a potravinárskych technológií |X 1766 |U R2024 |Y 408 |7 A000001766 | |
| 856 | 4 | |u http://is.stuba.sk/zp/portal_zp.pl?podrobnosti=139453 | |